000
00245nam a2200109Ia 4500
005
20251222114342.0
008
251222s1900||||xx |||||||||||||| ||spa||
082
_a
DVD0070/B11/2003
245
0
_a
Carandiru
264
_b
Babenco, Héctor
942
_c
DVD
999
_c
887
_d
887